| 000 | 00916nam a2200241Ia 4500 | ||
|---|---|---|---|
| 005 | 20250425162126.0 | ||
| 008 | 250425s9999 xx 000 0 und d | ||
| 020 | _a9681833260 | ||
| 041 | _aspa | ||
| 082 | _a658.4012 | ||
| 100 | _aHAMERMESH, RICHARD G. | ||
| 245 | 0 | _aPLANEACION ESTRATEGICA: COMO SE ARREGLAN LOS GERENTES TRIUNFADORES | |
| 250 | _a1A ED. | ||
| 260 | _aMEXICO | ||
| 260 |
_aMéxico _bLIMUSA _c1990 |
||
| 300 | _a278 | ||
| 500 | _aEN CIBGZ-FIIMCP 50180 PARA ING.Y ADMINISTRACION DE LA PRODUCCION UNDISTRIAL | ||
| 520 | _aLA PLANEACION ENCIERRA DIFERENTES TAREAS, FUNCIONES Y RESPONSABILIDADES DEL GERENTE GENERAL CON UN NUEVO CONJUNTO DE TECNICAS DE PLANEACION A LAS QUE ACTUALMENTE SE LES LLAMA PLANEACION DE CARTERA. ESTAS TECNICAS OFRECIAN PRESCRIPCIONES LOGICAS Y FACILE | ||
| 650 | _aPLANIFICACION ESTRATEGICA | ||
| 650 | _aTOMA DE DECISIONES | ||
| 942 | _c01 | ||
| 010 | _a51457 | ||
| 999 |
_c222846 _d222846 |
||